000 01658nam a2200397 i 4500
001 ELB57207
003 FlNmELB
006 m o d |
007 cr cnu||||||||
008 150601s2014 sp ob 001 0 spa d
020 _a9788490421673 (e-book)
035 _a(MiAaPQ)EBC3228030
035 _a(Au-PeEL)EBL3228030
035 _a(CaPaEBR)ebr11028622
035 _a(OCoLC)992002935
040 _aFINmELB
_bspa
_erda
_cFINmELB
050 4 _aPQ6271
_b.B389 2014
080 _a821.134.2
082 0 _a863.3
_223
100 1 _aBecerra Bolaños, Antonio.
245 1 3 _aLa constancia de la escritura :
_ba vueltas con la literatura y el canon /
_cAntonio Becerra Bolaños.
264 1 _aLas Palmas de Gran Canaria :
_bUniversidad de Las Palmas de Gran Canaria, Servicio de Publicaciones y Difusión Científica,
_c2014.
300 _a1 recurso en línea (127 páginas)
336 _atexto
_btxt
_2rdacontent/spa
337 _acomputadora
_bc
_2rdamedia/spa
338 _arecurso en línea
_bcr
_2rdacarrier/spa
500 _aIncluye índice.
504 _aContiene bibliografía.
588 _aDescripción basada en recurso en línea; Título de la página del título en PDF (e-libro, visto June 01, 2015).
590 _aRecurso electrónico. Santa Fe, Arg.: e-libro, 2015. Disponible vía World Wide Web. El acceso puede estar limitado para las bibliotecas afiliadas a e-libro.
650 0 _aSpanish literature
_xCriticism and interpretation.
650 4 _aLiteratura española
_xCrítica e interpretación.
655 4 _aLibros electrónicos.
797 2 _ae-libro, Corp.
856 4 0 _uhttps://elibro.net/ereader/usam/57207
999 _c142628
_d142628